| 000 | 00474nam a2200133 a 4500 | ||
|---|---|---|---|
| 008 | 120416s1970 ||||||||||||||||| || u | ||
| 050 | _aTK 7878.4 Bou | ||
| 100 | _aBouwens, A. J | ||
| 245 | 1 | 0 | _aDigital instruments course |
| 260 |
_aEindhoven _bPhillips _c(1970) |
||
| 300 | _a5v : ill. | ||
| 350 | _a0.00 | ||
| 995 |
_D0.00 _FCBU-MAIN LIBRARY (Kitwe) _H1 _I1.50 _UWEEDED _VAug 31, 2017 _ZMain Library Open Access Collection |
||
| 999 |
_c40175 _d40175 |
||